000 01679nam a2200229Ia 4500
003 Ost
005 20260507075552.0
008 260507s9999||||xx |||||||||||||| ||und||
020 _a9957114980
040 _cfsecg
041 _aara
082 _a300
100 _aعقيلي، عمر وصفي
_eمؤلف
245 0 _aادارة الموارد البشرية المعاصرة :
_bبعد استراتيجي /
_c عمر وصفي عقيلي
260 _aعمان:
_bدار وائل للنشر,
_c2005
300 _a624 صفحة؛
_bإيضاحات ؛
_c24 سم
504 _aمراجع ص. 623
520 _aمدخل الى ادارة الموارد البشرية المعاصرة و استراتيجية ادارة الموارد البشرية الاضافة الى نماذج عن تصميم استراتيجية ادارة الموارد البشرية و آفاق هيكلة الاعمال و الوظائف و تحليل الاعمال و الوظائف و تقييمها, كذلك تخطيط الموارد البشرية الاستراتيجي و استراتيجية دراسة سوق العمل و استقطاب الموارد البشرية و اختيارها و بعده المعاصر و كذا الاتجاه المعاصر في تقييم آداء الموارد البشرية و استراتيجية تدريب و تنمية الموارد البشرية و استراتيجية التعويضات المالية و دمج العاملين و المسار الوظيفي و ادارة بيئة العمل و ادارة النظام التأديبي
653 _aادارة الافراد
653 _aالادارة العامة
942 _cكتاب
999 _c44935
_d44935